000 01001nas a2200313 4500
001 BR2019001580
003 BR-BrBNA
005 20231205131934.0
007 ta
008 230509b bl.|||p| |||| 00| 00por d
040 _aBR-BrBNA
_bpor
_cBiblioteca Nacional de Agricultura
041 _a(En)
072 _aE16
100 1 _aLobos, G.
100 1 _aMora, M.
100 1 _aSaens, R.
100 1 _aMuñoz, T.
100 1 _aSchnettler, B.
245 1 _aIncluding risk in economic feasibility analysis: a stochastic simulation model for blueberry investment decisions in Chile
650 _aFRUTICULTURA
650 _aMIRTILO
650 _aANÁLISE ECONÔMICA
650 _aRENTABILIDADE
650 _aCHILE
773 0 _tRevista Brasileira de Fruticultura (Brazil)
_xISSN 1806-9967
_g(Oct-Dec 2015), v. 37(4) p. 870-882
_wBR2019001580
856 4 0 _uhttp://www.scielo.br/pdf/rbf/v37n4/0100-2945-rbf-37-4-870.pdf
909 _a202311
_bLúcia
_c55
_dLúcia Elande
942 _2AGRIS
_n0
_cANA
999 _c257588
_d257588